The Hindu world / (Record no. 1847965)

MARC details
000 -LEADER
fixed length control field 00549cam a22002054a 4500
003 - CONTROL NUMBER IDENTIFIER
control field OSt
005 - DATE AND TIME OF LATEST TRANSACTION
control field 20260402150710.0
008 - FIXED-LENGTH DATA ELEMENTS--GENERAL INFORMATION
fixed length control field 040112s2004 nyu b 001 0 eng
020 ## - INTERNATIONAL STANDARD BOOK NUMBER
International Standard Book Number 9780415215275
040 ## - CATALOGING SOURCE
Transcribing agency HDL
Language of cataloging eng
082 00 - DEWEY DECIMAL CLASSIFICATION NUMBER
Classification number 294.5 P4
Edition number 22
245 04 - TITLE STATEMENT
Title The Hindu world /
Statement of responsibility, etc. edited by Sushil Mittal and Gene Thursby.
260 ## - PUBLICATION, DISTRIBUTION, ETC.
Place of publication, distribution, etc. New York :
Name of publisher, distributor, etc. Routledge,
Date of publication, distribution, etc. 2004.
300 ## - PHYSICAL DESCRIPTION
Extent xi, 657 p.
Dimensions 26 cm.
440 #4 - SERIES STATEMENT/ADDED ENTRY--TITLE
Title The Routledge worlds
9 (RLIN) 1234073
650 #0 - SUBJECT ADDED ENTRY--TOPICAL TERM
Topical term or geographic name entry element Hinduism.
651 ## - SUBJECT ADDED ENTRY--GEOGRAPHIC NAME
Geographic name India
942 ## - ADDED ENTRY ELEMENTS (KOHA)
Source of classification or shelving scheme Colon Classification (CC)
Koha item type Textual
Suppress in OPAC No
Holdings
Withdrawn status Lost status Source of classification or shelving scheme Damaged status Not for loan Home library Current library Date acquired Total Checkouts Date last seen Price effective from Koha item type
    Colon Classification (CC)     Department of History Library Department of History Library 2026-04-02   2026-04-02 2026-04-02 Textual
Copyright @ Delhi University Library System